000 00389nam a22001457a 4500
008 250703b |||||||| |||| 00| 0 eng d
020 _a9221056996
050 _aHD6227
_b.S63
100 _aNECK, Phillip A.
245 _aSmall Enterprise Development, Polices and Programmes
250 _a2nd
260 _aGeneva
_bInternational Labour Office
_c1987
300 _axiii, 282p.
942 _cBK
999 _c4079
_d4079